Từ điển từ Hán-Việt. : Sách giáo khoa phổ thông tiếng việt & văn học /
שמור ב:
| מחבר ראשי: | |
|---|---|
| פורמט: | ספר |
| שפה: | English |
| יצא לאור: |
ĐHQGHCM,
2002.
|
| נושאים: | |
| תגים: |
הוספת תג
אין תגיות, היה/י הראשונ/ה לתייג את הרשומה!
|
| Thư viện lưu trữ: | Mạng thư viện Đại học Đà Nẵng |
|---|
| LEADER | 01002cam a22002891a 4500 | ||
|---|---|---|---|
| 001 | 000033783 | ||
| 003 | 9973 | ||
| 005 | 20221026144044.0 | ||
| 008 | 151026s2002 vm 000 eng | ||
| 041 | |a eng | ||
| 082 | |a 398.903 |b LÊ-T | ||
| 100 | |a Lê Hữu Thảo | ||
| 245 | 0 | |a Từ điển từ Hán-Việt. : |b Sách giáo khoa phổ thông tiếng việt & văn học / |c Lê Hữu Thảo. | |
| 260 | |a ĐHQGHCM, |c 2002. | ||
| 300 | |a 370tr. : ; |c 20cm. | ||
| 650 | |a Từ điển |a Sách giáo khoa |a tiếng việt | ||
| 927 | |a TỪ ĐIỂN | ||
| OWN | |a LNN | ||
| AVA | |a UDN50 |b LNN |d 495.913 LÊ-T |e available |t Error 5001 Not defined in file expand_doc_bib_avail. |f 3 |g 0 |h N |i 0 | ||
| 999 | |a From the UDN01 | ||
| AVA | |a UDN50 |b LNN |d 495.913 LÊ-T |e available |t Error 5001 Not defined in file expand_doc_bib_avail. |f 3 |g 0 |h N |i 0 | ||
| TYP | |a Monograph | ||
| TYP | |a Printed language | ||
| 980 | |a Mạng thư viện Đại học Đà Nẵng | ||